|
|
|
|
| LEADER |
00000cam a2200000 i 4500 |
| 003 |
Ucuenca |
| 005 |
20240113063032.0 |
| 006 |
a||||gr|||| 001 0 |
| 007 |
ta |
| 008 |
000000|1983 ec aaaagr|||| 001|0 spa|a |
| 020 |
|
|
|a 84-345-4362-1
|
| 040 |
|
|
|b spa
|a UCuenca-cdrjbv
|c UCuenca
|e rda
|
| 041 |
0 |
|
|a spa
|
| 082 |
0 |
|
|2 22
|a 577
|c 256627
|
| 100 |
1 |
|
|9 24142
|a Encalada Reyes, Marco A.
|
| 245 |
|
|
|a Medio ambiente y desarrollo en el Ecuador:
|b reflexiones sobre un diagnóstico /
|c Marco A. Encalada Reyes.
|
| 264 |
|
1 |
|a Quito:
|b Salvat,
|c 1983.
|
| 300 |
|
|
|a 127 páginas:
|b ilu
|c 28 cm
|
| 336 |
|
|
|2 rdacontent
|a texto
|b txt
|
| 337 |
|
|
|2 rdamedia
|a no mediado
|b n
|
| 338 |
|
|
|2 rdacarrier
|a volumen
|b nc
|
| 504 |
|
|
|a incl. ref.
|
| 505 |
1 |
|
|a Problemática ambiental del Ecuador -- Situación del medio ambiente ecuatoriano -- Condicionamiento de la situación ambiental -- En búsqueda del cambio.
|
| 650 |
1 |
7 |
|2 UCuenca-cdrjbv
|a Medio ambiente
|9 351
|
| 650 |
1 |
7 |
|a Ecología
|9 9
|
| 852 |
|
|
|a UC-CDJBV
|f Compra
|l 1
|m General
|p 00000000
|r 2
|t 63324
|b 0
|d CDRC
|e CDRC
|g 574.5
|z 0000-00-00
|
| 942 |
|
|
|c BK
|2 ddc
|z paola.amaya@ucuenca.edu.ec
|r jessicap.torres@ucuenca.edu.ec
|
| 999 |
|
|
|c 39061
|d 39061
|